00633 2200181 4500001002100000005001700021008004100038035002500079090001500104100001900119245011900138250001100257260007300268300002600341650005700367850001200424990001500436YOGYA-0209000000160220150429084226.0 ind  a0010-020900000001602 a346bBar P aBarmawi, Jenny aPenelitian perbandingan hukum Belanda dalam hukum kontinental (Belanda) dan hukum Inggris/Amerikac/ Jenny Barmawi aCet. 1 aJakartabDepatemen Kehakiman RI Badan Pembinaan Hukum Nasionalc1995 ax, 121 hlm. ;c21 cm. aHukum pidanaxHukum perbandingan Belanda dan Inggris aYOPDYOG a25713-A/96